<?xml version="1.0" encoding="UTF-8"?>
<record
    xmlns:xsi="http://www.w3.org/2001/XMLSchema-instance"
    xsi:schemaLocation="http://www.loc.gov/MARC21/slim http://www.loc.gov/standards/marcxml/schema/MARC21slim.xsd"
    xmlns="http://www.loc.gov/MARC21/slim">

  <leader>00753nam a2200181Ia 4500</leader>
  <controlfield tag="008">090630s9999    xx            000 0 und d</controlfield>
  <datafield tag="082" ind1=" " ind2=" ">
    <subfield code="b">7820</subfield>
  </datafield>
  <datafield tag="100" ind1=" " ind2=" ">
    <subfield code="a">&#x92E;&#x947;&#x923;&#x91C;&#x94B;&#x917;&#x947; &#x938;&#x93F;&#x924;&#x93E;&#x930;&#x93E;&#x92E;.</subfield>
  </datafield>
  <datafield tag="245" ind1=" " ind2=" ">
    <subfield code="a">&#x906;&#x92E;&#x94D;&#x939;&#x940; &#x92A;&#x94B;&#x937;&#x94D;&#x91F;&#x93E;&#x924;&#x940;&#x932; &#x92E;&#x93E;&#x923;&#x938;&#x947;.</subfield>
    <subfield code="c">&#x92E;&#x947;&#x923;&#x91C;&#x94B;&#x917;&#x947; &#x938;&#x93F;&#x924;&#x93E;&#x930;&#x93E;&#x92E;.</subfield>
  </datafield>
  <datafield tag="260" ind1=" " ind2=" ">
    <subfield code="b">&#x938;&#x94C;. &#x92E;&#x941;&#x933;&#x947; &#x928;&#x92E;&#x94D;&#x930;&#x924;&#x93E;;  &#x935;&#x938;&#x908; &#x930;&#x94B;&#x921;.</subfield>
    <subfield code="c">1985</subfield>
  </datafield>
  <datafield tag="300" ind1=" " ind2=" ">
    <subfield code="a">114</subfield>
  </datafield>
  <datafield tag="600" ind1=" " ind2=" ">
    <subfield code="a">&#x92E;&#x947;&#x923;&#x91C;&#x94B;&#x917;&#x947; &#x938;&#x93F;&#x924;&#x93E;&#x930;&#x93E;&#x92E;.</subfield>
  </datafield>
  <datafield tag="630" ind1=" " ind2=" ">
    <subfield code="a">&#x906;&#x92E;&#x94D;&#x939;&#x940; &#x92A;&#x94B;&#x937;&#x94D;&#x91F;&#x93E;&#x924;&#x940;&#x932; &#x92E;&#x93E;&#x923;&#x938;&#x947;.</subfield>
  </datafield>
  <datafield tag="655" ind1=" " ind2=" ">
    <subfield code="a">&#x932;&#x918;&#x941;&#x915;&#x925;&#x93E;.</subfield>
  </datafield>
  <datafield tag="700" ind1=" " ind2=" ">
    <subfield code="a">&#x92E;&#x947;&#x923;&#x91C;&#x94B;&#x917;&#x947; &#x938;&#x93F;&#x924;&#x93E;&#x930;&#x93E;&#x92E;.</subfield>
  </datafield>
  <datafield tag="730" ind1=" " ind2=" ">
    <subfield code="a">&#x906;&#x92E;&#x94D;&#x939;&#x940; &#x92A;&#x94B;&#x937;&#x94D;&#x91F;&#x93E;&#x924;&#x940;&#x932; &#x92E;&#x93E;&#x923;&#x938;&#x947;.</subfield>
  </datafield>
  <datafield tag="942" ind1=" " ind2=" ">
    <subfield code="c">BOOK</subfield>
  </datafield>
  <datafield tag="999" ind1=" " ind2=" ">
    <subfield code="c">259676</subfield>
    <subfield code="d">259676</subfield>
  </datafield>
  <datafield tag="952" ind1=" " ind2=" ">
    <subfield code="0">0</subfield>
    <subfield code="1">0</subfield>
    <subfield code="4">0</subfield>
    <subfield code="7">0</subfield>
    <subfield code="a">SAWASHRI</subfield>
    <subfield code="b">SAWASHRI</subfield>
    <subfield code="d">0000-00-00</subfield>
    <subfield code="g">25.00</subfield>
    <subfield code="l">0</subfield>
    <subfield code="o">7820</subfield>
    <subfield code="p">SAWASHRI-7820</subfield>
    <subfield code="r">2009-06-30 00:00:00</subfield>
    <subfield code="v">25.00</subfield>
    <subfield code="w">2009-06-30</subfield>
    <subfield code="y">BOOK</subfield>
  </datafield>
</record>
